000
00318nam a22001337a 4500
008
171030b xxu||||| |||| 00| 0 eng d
020
_a
9780136015000
041
_a
eng
080
_a
33
100
_a
58
101
_a
BUS
245
_a
CONTEMPORARY BUSINESS AND ONLINE COMMERCE LAW
_c
CHEESEMAN, H.R
942
_2
udc
_c
BK
999
_c
36496
_d
36496